01252cam a2200337 a 4500001000800000005001700008008004100025020001500066040001800081041001100099082002100110100003300131245007900164250001100243260005400254300004200308490001600350500004600366504005100412600004800463653001900511653002200530653001700552653002800569710005700597740003500654830004700689906004500736999001300781952012000794393324720220326193347.0920806s1991 cr a bc 000 0 spa  a9977968063 aDLCcDLCdDLC0 aspaeng04a764.807.4bA565s1 aHerrera, Fabio,d1954-9496310aFabio Herrera, serigrafías, 1991 =bFabio Herrera's screen prints, 1991. a1. ed. aSan José, Costa Rica :bPremia Editores,c1991. a[46] p. :bill. (some col.) ;c28 cm.1 aAndrómeda aExhibition held at Galería Andrómeda. aIncludes bibliographical references (p. [46]).10aHerrera, Fabio,d1954- xExhibitions.9504110aSerigrafrías10aArte - Costa Rica10aArte moderno10aArtistas costarricenses2 aGalería Andrómeda (San José, Costa Rica)950420 aFabio Herrera's screen prints. 0aAndrómeda (San José, Costa Rica)94967 a7bcbccorignewd2encipf19gy-gencatlg c919d919 00102ddc4070aLVbLVcMonografíasd2016-05-28l0o764.807.4 A565sp000836r2016-05-28 00:00:00w2016-05-28y01